Countries of the World by Most Popular Sport - Statistics

General Stats
  • This quiz has been taken 89 times
  • The average score is 188 of 196
Answers on the Map
Answers color-coded by a green-red scale on the quiz's map according to % correct below.
 
Answer Stats
Country % Correct
Soccer
99%
Football
99%
Soccer
99%
Ice Hockey
93%
Cricket
90%
Baseball
87%
Basketball
87%
Rugby
74%
Wrestling
35%
Archery
31%
No matching quizzes found
Score Distribution
Percent of People with Each Score
Percentile by Number Answered
Your Score History
You have not taken this quiz